Chelsea Attacking - Statistics

General Stats
  • This quiz has been taken 39 times
  • The average score is 7 of 15
Answer Stats
Hint Answer % Correct
19 Mason Mount
79%
29 Kai Havertz
77%
11 Timo Werner
77%
9 Romelu Lukaku
74%
10 Christian Pulisic
69%
22 Hakim Ziyech
67%
7 N'golo Kante
62%
20 Callum Hudson-Odoi
56%
12 Ruben Loftus-Cheek
46%
18 Ross Barkley
21%
68 Harvey Vale
13%
64 Soonsup--Bell
13%
75 Lewis Hall
10%
71 Charlie Webster
8%
54 Xavier Simons
5%
No matching quizzes found
Score Distribution
Percent of People with Each Score
Percentile by Number Answered
Your Score History
You have not taken this quiz